00630cam a2200193 4500008004100000020001800041035002000059050002400079245008900103250001700192260004600209300002100255504005100276650002700327650001800354700002400372700002300396999001700419170914n 000 0 eng u a9780071825054 a(Sirsi) a204605 aRM 301.28 BAS 2015. aBasic & clinical pharmacology /c edited by Bertram G. Katzung and Anthony J Trevor. a13th edition aNewYork:b Mc Graw Hill Education,c2015. axi,1203p.:bill. aIncludes bibliographical references and index. aClinical pharmacology. aPharmacology. aKatzung, Bertram G. aTrevor, Anthony J. c50969d50969